MARC details
| 000 -CABECERA |
| campo de control de longitud fija |
02060nab a2200301 a 4500 |
| 005 - FECHA Y HORA DE LA ÚLTIMA TRANSACCIÓN |
| campo de control |
20250930154254.0 |
| 008 - ELEMENTOS DE LONGITUD FIJA--INFORMACIÓN GENERAL |
| campo de control de longitud fija |
991125c2018 sp fr p o 000 0 spa d |
| 035 ## - NÚMERO DE CONTROL DEL SISTEMA |
| Número de control de sistema |
UPN01000227726 |
| 040 ## - FUENTE DE LA CATALOGACIÓN |
| Centro catalogador/agencia de origen |
UPN |
| Lengua de catalogación |
spa |
| Centro/agencia transcriptor |
UPN |
| Normas de descripción |
aacr2 |
| 049 ## - COLECCIÓN |
| Colección |
ART-E |
| 100 1# - ASIENTO PRINCIPAL--NOMBRE PERSONAL |
| Nombre de persona |
López Acosta, Sergio Antonio |
| Enlace |
- sergioalopezacosta@gmail.com |
| 100 1# - ASIENTO PRINCIPAL--NOMBRE PERSONAL |
| Nombre de persona |
Jarvio Fernández, A. Olivia |
| 245 10 - MENCIÓN DE TÍTULO |
| Título |
Promoción de la lectura en espacios virtuales: el caso del Portal de Lectores y Lecturas de la Universidad Veracruzana |
| Medio |
[recurso electrónico en línea] |
| 506 0# - NOTA DE RESTRICCIONES AL ACCESO |
| Limitaciones de acceso |
Acceso abierto |
| 520 3# - NOTA DE RESUMEN, ETC. |
| Sumario, etc. |
Este artículo presenta un estudio de caso: del Portal de Lectores y Lecturas (www.uv.mx/lectores) de la Universidad Veracruzana (UV), en el que se muestra una estrategia para promover la lectura no utilitaria a través de internet. Este Portal, a manera de blog, contiene artículos, noticias y otros textos relacionados con la lectura, así como reseñas de algunos libros publicados en la Colección Biblioteca del Universitario, una colección de literatura establecida por el escritor Sergio Pitol. Se analizó el diseño del Portal para seleccionar el contenido apropiado y la manera más atractiva de mostrarlo. El objetivo fue que los potenciales lectores lo visitaran y encontraran temas interesantes y de su agrado. La estrategia se planeó dirigida a jóvenes, aunque no exclusiva para ellos. Se exponen el marco referencial, los antecedentes, la estrategia metodológica y se muestran algunos resultados, así como sugerencias para un plan de mejora. |
| 650 #2 - ASIENTO SECUNDARIO DE MATERIA - TERMINO TEMATICO |
| 9 (RLIN) |
6074 |
| Término de materia o nombre geográfico como elemento de entrada |
Hábitos de lectura |
| 650 #2 - ASIENTO SECUNDARIO DE MATERIA - TERMINO TEMATICO |
| 9 (RLIN) |
13784 |
| Término de materia o nombre geográfico como elemento de entrada |
Programas de lectura |
| 650 #4 - ASIENTO SECUNDARIO DE MATERIA - TERMINO TEMATICO |
| Término de materia o nombre geográfico como elemento de entrada |
Cultura |
| 9 (RLIN) |
7095 |
| 653 0# - TERMINO DE INDIZACION - NO CONTROLADO |
| Término no controlado |
Lectura digital |
| 653 0# - TERMINO DE INDIZACION - NO CONTROLADO |
| Término no controlado |
Tecnología digital |
| 653 0# - TERMINO DE INDIZACION - NO CONTROLADO |
| Término no controlado |
Universidad Veracruzana |
| 773 ## - ENLACE AL DOCUMENTO FUENTE/ENTRADA DE REGISTRO ANFITRIÓN |
| Parte(s) relacionada(s) |
No. 18 (2018), p. 1-18 |
| Título |
Álabe : revista de investigación sobre lectura y escritura |
| Número Internacional Normalizado para Publicaciones Seriadas |
2171-9624 |
| 856 4# - LOCALIZACIÓN Y ACCESO ELECTRÓNICOS |
| Identificador Uniforme del Recurso |
<a href="http://revistaalabe.com/index/alabe/article/view/431/294">http://revistaalabe.com/index/alabe/article/view/431/294</a> |
| 856 4# - LOCALIZACIÓN Y ACCESO ELECTRÓNICOS |
| Identificador Uniforme del Recurso |
<a href="10.15645/Alabe2018.18.3">10.15645/Alabe2018.18.3</a> |
| 902 ## - ELEMENTOS DE DATOS B LOCAL, LDB (RLIN) |
| Creó |
Gloria Jiménez |
| 905 ## - TIPO DE MATERIAL |
| Tipo de material |
Articulo |
| 942 ## - ELEMENTOS DE PUNTO DE ACCESO ADICIONAL (KOHA) |
| Tipo de ítem Koha |
Artículo Electrónico |